000 00284nam a2200121Ia 4500
005 20251222141845.0
008 251222s9999||||xx |||||||||||||| ||spa||
020 _a84-7291-701-0
082 _a828.82/D73A
100 _a"Dickens, Charles"
245 0 _aCanción de navidad
942 _cLIB
999 _c7551
_d7551